000 01735nam a2200325 i 4500
001 44059
003 ES-MaACL
005 20250717140808.0
007 t|
008 030320m19121915sp cef c |||| | spa d
080 _a7.032.6/.7:069.538(460.27 M.)
110 2 _aMuseo Nacional de Reproducciones Artísticas (España)
_9151574
245 1 0 _aCatálogo del Museo de Reproducciones Artísticas /
_c[prólogo, J.R. Mélida].
260 _aMadrid :
_b[s.n.],
_c1912-1915 (
_fImp. de los Hijos de Tello)
300 _a2 v. :
_blám. ;
_c21-22 cm.
500 _aÍndices.
504 _aBibliografía: p. [509]-514 (v. 1), p. [243]-247 (v. 2)
505 8 _aContiene: I. Escultura antigua / con una fototipia de Hauser y Menet y fotograbados de Laporta ; [prólogo de la primera edición / Juan F. Riaño] . El Casón del Buen Retiro / Francisco Guillén Robles . El techo pintado por Lucás Jordán / Casto María del Rivero (LXXX, 532 p., [2] h. de lám., XL h. de lám.: 2 retr., 1 plano) - II. Artes decorativas de la antigüedad clásica / con fotograbados de Laporta (X, 262 p., XVIII h. de lám.)
594 _aTít. de cub. del v. I: Arte oriental y arte griego.
610 2 4 _aMuseo Nacional de Reproducciones Artísticas (España)-
_vCatálogos.
_9152170
700 1 _aMélida y Alinari, José Ramón,
_d1856-1933
_979969
700 1 _aRiaño, Juan Facundo,
_d1828-1901
_996682
700 1 _aGuillén Robles, F.
_9127626
700 1 _aRivero, Casto María del.
_997678
700 1 _aLaporta, Francisco,
_d1850-1914
_9152865
710 2 _aHauser y Menet (Madrid)
_94558
752 _aEspaña -
_dMadrid
852 _aES-MaACL
_jF-13501-02
_z- Enc. pasta (v. 1) - Enc. cart. ed. (v. 2)
999 _c44059
_d44059